|
|
|
|
| LEADER |
00000cam a2200000 a 4500 |
| 001 |
vtls010277484 |
| 003 |
SK-MaSNL |
| 005 |
20260302011739.0 |
| 008 |
240315s2011 xo o e p 000 0 slo |
| 015 |
|
|
|a SNBA2012/01-00342
|
| 020 |
|
|
|a 9788080846855
|q (brož.)
|
| 035 |
|
|
|a CDF2D9C9-6140-4F9A-AD0C-98D3A41D30D0
|
| 035 |
|
|
|a urn:nbn:sk:snk-amjhsz
|
| 035 |
|
|
|a urn:nbn:sk:snk-am001y0w
|
| 040 |
|
|
|a SNK
|b slo
|c SNK
|e AACR2
|
| 041 |
0 |
|
|a slo
|
| 044 |
|
|
|a xo
|c SK
|
| 072 |
|
7 |
|a 37
|x Výchova a vzdelávanie
|2 konspekt
|
| 072 |
|
7 |
|a 37.016
|x Učebné osnovy. Vyučovacie predmety. Učebnice
|2 konspekt
|
| 072 |
|
7 |
|a 14(3)
|x Antická, staroveká filozofia
|2 konspekt
|
| 080 |
|
|
|a 37.013.73
|2 2001
|
| 080 |
|
|
|a 14(091)
|2 2001
|
| 080 |
|
|
|a (075.8)
|2 2001
|
| 080 |
|
|
|a 94(3)
|2 2001
|
| 100 |
1 |
|
|a Šarníková, Gabriela
|4 aut
|9 253089
|
| 245 |
1 |
0 |
|a Z dejín filozofie výchovy
|b starovek
|c Gabriela Šarníková
|
| 250 |
|
|
|a 1. vyd.
|
| 260 |
|
|
|a Ružomberok
|b Verbum
|c 2011
|
| 300 |
|
|
|a 75 s.
|b fotogr.
|c 21 cm
|
| 504 |
|
|
|a Bibliogr. odkazy. Bibliogr. s. 68-73. Zoz. skrat.
|
| 650 |
0 |
7 |
|a filozofia výchovy
|2 SNKPH
|9 21736
|
| 650 |
0 |
7 |
|a dejiny filozofie
|2 SNKPH
|9 66641
|
| 650 |
0 |
7 |
|a Philosophy of education
|2 SNKPHeng
|9 323690
|
| 650 |
0 |
7 |
|a History of philosophy
|2 SNKPHeng
|9 281655
|
| 650 |
0 |
7 |
|a starovek
|2 SNKPH
|9 4258
|
| 650 |
0 |
7 |
|a Antiquity
|2 SNKPHeng
|9 265358
|
| 655 |
|
7 |
|a učebnice vysokých škôl
|2 SNKPH
|9 70191
|
| 655 |
|
7 |
|a Textbooks (higher)
|2 SNKPHeng
|9 276436
|
| 852 |
|
|
|a Štátna vedecká knižnica v Banskej Bystrici
|
| 919 |
|
|
|a 978-80-8084-685-5
|
| 958 |
|
|
|a NB
|
| 968 |
|
|
|d 37
|
| 999 |
|
|
|c 1007268
|d 1009198
|
| 952 |
|
|
|a SNK
|b SNK
|y PREZ
|7 0
|p 17A0702570
|o snkSC 145361
|i snk2011/10990
|8 0
|0 0
|1 0
|4 0
|d 2011-05-12
|l 0
|r 2025-07-14 00:00:00
|w 2026-02-24
|
| 952 |
|
|
|a SNK
|b SNK
|y VYP
|7 0
|p 17A0702568
|o snkSC 145361 D1
|i snk2011/10991
|8 0
|0 0
|1 0
|4 0
|d 2011-05-12
|l 0
|r 2026-02-24 12:40:15
|w 2026-02-24
|